Návrh opatrení pre zvýšenie spokojnosti zamestnancov v spoločnosti Secop s. r. o.

Guardado en:
Detalles Bibliográficos
Autor principal: Faganová, Natália (Autor)
Otros Autores: Szabó, Peter (Orientador)
Formato: Manuscrito Libro
Lenguaje:eslovaco
Publicado: 2023
Materias:
Acceso en línea:http://is.stuba.sk/zp/portal_zp.pl?podrobnosti=163804
Etiquetas: Agregar Etiqueta
Sin Etiquetas, Sea el primero en etiquetar este registro!

MARC

LEADER 00000ntm a22000003a 4500
001 stuzp93424
003 SK-STU
005 20230909215016.0
007 ta
008 150427s2015----xo-----f-mn---000-0-slo-d
040 |a STU  |b slo 
041 0 |a slo 
100 1 |a Faganová, Natália  |u 064000  |4 aut  |U MTF Materiálovotechnologická fakulta  |T MTF Ústav priemyselného inžinierstva a manažmentu  |X 111738  |U M4000  |Y 84  |7 111738 
242 0 1 |a Proposal for measures to increase employee satisfaction at Secop s. r. o.  |y eng 
245 1 0 |a Návrh opatrení pre zvýšenie spokojnosti zamestnancov v spoločnosti Secop s. r. o. 
260 |c 2023 
650 4 |a proces zvyšovania spokojnosti zamestnancov  |2 slo 
650 4 |a riadenie ľudských zdrojov  |2 slo 
650 4 |a zvyšovanie spokojnosti zamestnancov  |2 slo 
650 4 |a employee satisfaction improvement process  |2 eng 
650 4 |a human resource management  |2 eng 
650 4 |a employee satisfaction improvement  |2 eng 
700 1 |a Szabó, Peter  |u 064000  |k Z1  |4 ths  |U MTF Materiálovotechnologická fakulta  |T MTF Ústav priemyselného inžinierstva a manažmentu  |X 19244  |U M4000  |Y 84  |7 A000019244 
856 4 |u http://is.stuba.sk/zp/portal_zp.pl?podrobnosti=163804 
996 |c M* BP-9547  |l MMSKP  |s P  |a 0  |w stuzp93424_0001